000 00588nam a22002057a 4500
005 20260204115608.0
008 260204b |||||||| |||| 00| 0 eng d
020 _a9780414125957
040 _aKABLIB
_cKABLIB
_erda
082 _223
_a346.08
_bBIR
100 _aBirds ,John
_915108
245 _aBirds Modern Insurance Law /
_cJohn Birds ,Katie Richards
250 _a13th ed.
260 _aCroydon :
_bThomson Reuters ,
_cc2025 .
300 _alxvii,417p. ;
_c24cm
500 _aIncludes index.
650 _alaw -Birds
_915109
700 _aRichards, Katie
_915110
942 _2ddc
_cBOOK
999 _c5988
_d5988